000 004620000a22001810004500
003 MACL
005 20150707163056.0
008 150707b xxu||||| |||| 00| 0 eng d
040 _aMACL
_cMACL
041 _aEnglish
082 _a307/SAR
100 _aSarkar, R.M.
_91319
245 _aLand And Forest Rights Of The Tribals Today
260 _bSerials Publications
_c2006
_aNew Delhi
350 _a850
650 _aSocial Science
_91320
942 _cBK
_k307
_2ddc
999 _c8774
_d8774